000
00254nam a22000977a 4500
999
_c
533869
_d
533869
082
_a
891.4393
_b
TAR
100
_a
Tarar, Mustansar Hassain.
245
_a
Sia aankh main tasweer /
942
_2
ddc
_c
BK